000 00276nam a22001217a 4500
008 180110b xxu||||| |||| 00| 0 eng d
041 _aeng
080 _a004
100 _a30
101 _aSHK
245 _aSEMICONDUCTOR DEVICE FUNDAMENTALS
_cPIERRET.R.F
942 _2udc
_cBK
999 _c40058
_d40058